000 01482nam0a2200361 4500
001 RU\NLR\BIBL_A\022674610
005 20260310145010.0
010 _a978-5-6053706-4-2
_92000
021 _aRU
_bКН-П-25-061338
_9КН-П-25-5921
035 _a(NLR Aleph) 022674610
090 _a13632613
_c13632613
100 _a20251128d2025 u y0rusy50 ca
101 1 _arus
_cfre
102 _aRU
105 _aa z 000ay
181 0 _ai3
_baxxe
181 0 _ab2
_bxb2e
182 0 _an
200 1 _aМои приключения
_iКак надо влюбляться
_fШарли Дельвар
_gиллюстрации Ронана Баделя
_gперевод с французского: Екатерина Даровская
203 _aТекст
_aИзображение
_bвизуальные
_cнепосредственные
210 _aСанкт-Петербург
_cПоляндрия Принт, Поляндрия (Дарина Якунина)
_d2025
215 _a138, [5] с.
_cил.
_d21
320 _aДр. кн. авт. в конце кн.
333 _a0+
686 0 _aШ9(4Б)60-4
700 1 _7ca
_8rus
_aДельварт
_bШ.
_f1975-
_gШарли
_9240710
_3RU\NLR\AUTH\770240766
702 1 _4440
_7ca
_8rus
_aБадель
_bР.
_f1972-
_gРонан
_9245985
_3RU\NLR\AUTH\770246041
942 _cBOOK
980 _aNB